000 01402cab a2200229 4500
001 ABS67928
008 040702n2004 000 0 eng u
035 _a(Sirsi) u126680
100 _aDyer, C.
245 _aFinalising the fire safety order
260 _c2004
490 _aHealth and Safety Bulletin
_v(330) July 2004, 9-14(6)
520 _aReports on the contents of the new fire safety regime and what it means for employers. Outlines the progress of the Regulatory Reform (Fire Safety) Order 2004 and what it contains. The main proposals include that, as far as possible, reform should create one simple fire safety regime applying to all workplaces and other non-domestic premises and that the regime should be based on risk assessment. Shows how existing regulations and acts have been integrated and highlights how new duties will replace old ones. States the government has said the introduction of the new regime should not mean the alteration in the level of resources dedicated to fire safety and the number of inspections carried out is not expected to change.
590 _aABS
650 _aREGULATORY REFORM (FIRE SAFETY) ORDER 2004
650 _aRISK ASSESSMENT
650 _aFIRE PRECAUTIONS ACT 1971
650 _aFIRE PRECAUTIONS (WORKPLACE) REGULATIONS 1997
650 _aMANAGEMENT-HEALTH AND SAFETY-FIRE SAFETY
690 _aHealth and safety
_96244
942 _n0
999 _c74449
_d74449